[Event "LTU-ch U18"]
[Site "Siauliai"]
[Date "2011.03.19"]
[Round "5"]
[White "Jurevicius, Tomas"]
[Black "Prigodin, Ruslan"]
[Result "1/2-1/2"]
[WhiteElo "2033"]
[BlackElo "1843"]
[PlyCount "37"]
[EventDate "2011.03.17"]
[EventType "swiss"]
[EventRounds "7"]
[EventCountry "LTU"]
[SourceTitle "EXT 2022"]
[Source "ChessBase"]
[SourceDate "2021.10.06"]
[SourceVersion "1"]
[SourceVersionDate "2021.10.06"]
[SourceQuality "1"]

1. e4 c5 2. c3 Nf6 3. e5 Nd5 4. Nf3 e6 5. d4 cxd4 6. cxd4 Nc6 7. Nc3 Nxc3 8. bxc3 d6 9. Bf4 Be7 10. Bb5 0-0 11. 0-0 dxe5 12. Nxe5 Nxe5 13. Bxe5 a6 14. Bd3 Bd7 15. Re1 Bc6 16. Qh5 f5 17. Re3 g6 18. Rg3 Bf6 19. Rxg6+ 1/2-1/2

[Event "LTU-ch U18"]
[Site "Siauliai"]
[Date "2011.03.18"]
[Round "2"]
[White "Jurevicius, Tomas"]
[Black "Jurkunas, Nerijus"]
[Result "1-0"]
[WhiteElo "2033"]
[BlackElo "1829"]
[PlyCount "153"]
[EventDate "2011.03.17"]
[EventType "swiss"]
[EventRounds "7"]
[EventCountry "LTU"]
[SourceTitle "EXT 2022"]
[Source "ChessBase"]
[SourceDate "2021.10.06"]
[SourceVersion "1"]
[SourceVersionDate "2021.10.06"]
[SourceQuality "1"]

1. e4 e6 2. d4 d5 3. exd5 exd5 4. Bd3 Nc6 5. c3 Bd6 6. Qf3 Nge7 7. Ne2 0-0 8. Bf4 Be6 9. Nd2 Ng6 10. Bxd6 Qxd6 11. 0-0 Rae8 12. Qg3 Qxg3 13. Nxg3 Nf4 14. Bc2 Ne7 15. Rfe1 Neg6 16. Ne2 Nxe2+ 17. Rxe2 Bg4 18. Ree1 c6 19. f3 Bd7 20. Bxg6 hxg6 21. Kf2 g5 22. Rxe8 Rxe8 23. Re1 Rxe1 24. Kxe1 Kh7 25. Kf2 Kg6 26. Ke3 Bf5 27. Nb3 b6 28. Nd2 Bc2 29. b4 f5 30. g3 Kf6 31. a3 g6 32. c4 Ke6 33. f4 g4 34. c5 b5 35. Kf2 Be4 36. Nb3 Bc2 37. Na5 Kd7 38. Nb7 Be4 39. Ke1 Bf3 40. Na5 Be4 41. Kd2 Kc7 42. Nb3 Kd7 43. Nc1 Ke6 44. Ne2 Kf6 45. Ng1 Bg2 46. Ke3 Be4 47. h3 Bg2 48. hxg4 fxg4 49. Ne2 Bf3 50. Nc3 Kf5 51. Na2 Bd1 52. Nc1 Bc2 53. Ne2 Bd1 54. Nc3 Bc2 55. Kd2 Bb3 56. Kd3 Bc4+ 57. Ke3 Bf1 58. Nb1 Bc4 59. Nd2 a6 60. Kf2 Ke6 61. Nb1 Kf5 62. Ke3 Ba2 63. Nd2 Bc4 64. Kf2 Ke6 65. Ke1 Kf5 66. Kd1 Kf6 67. Nb1 Ke6 68. Kd2 Kf5 69. Nc3 Ke6 70. Nd1 g5 71. fxg5 Kf5 72. Ne3+ Kxg5 73. Ng2 Kf5 74. Ke3 Bb3 75. Nf4 Bd1 76. Nd3 Ke6 77. Ne5 1-0

[Event "Vilnius Mikenas Memorial op"]
[Site "Vilnius"]
[Date "2010.11.27"]
[Round "2"]
[White "Jurevicius, Tomas"]
[Black "Azarov, Sergei Nikolaevich"]
[Result "1/2-1/2"]
[WhiteElo "2033"]
[BlackElo "2601"]
[PlyCount "135"]
[EventDate "2010.11.27"]
[EventType "swiss (rapid)"]
[EventRounds "9"]
[EventCountry "LTU"]
[SourceTitle "CBM 139 Extra"]
[Source "ChessBase"]
[SourceDate "2011.01.05"]
[SourceVersion "1"]
[SourceVersionDate "2011.01.05"]
[SourceQuality "1"]

1. e4 e5 2. Nf3 Nc6 3. Bc4 Nf6 4. d3 Be7 5. 0-0 0-0 6. Re1 d6 7. Nc3 Bg4 8. h3 Bh5 9. Be3 Kh8 10. Nd5 Na5 11. Nxf6 Bxf6 12. Bb3 Be7 13. g4 Bg6 14. Qd2 c6 15. c3 Nxb3 16. axb3 Qc7 17. b4 a6 18. Rad1 Rad8 19. Qc2 d5 20. Bc5 Bxc5 21. bxc5 f6 22. Nh4 Rd7 23. Nf5 Bxf5 24. gxf5 Rfd8 25. f3 d4 26. b4 dxc3 27. Qxc3 Rd4 28. Rd2 Qf7 29. Rf1 Qh5 30. Kh2 Qh4 31. f4 exf4 32. Rf3 g5 33. fxg6 hxg6 34. Qb3 Rxe4 35. Qf7 Re3 36. Rxe3 fxe3 37. Rg2 Qf4+ 38. Kh1 g5 39. h4 e2 40. Qh5+ Kg7 41. Qxe2 Rh8 42. h5 Qe5 43. Qxe5 fxe5 44. Rxg5+ Kf6 45. Rg6+ Kf5 46. Rg7 Rxh5+ 47. Kg2 Rg5+ 48. Rxg5+ Kxg5 49. Kg3 Kf5 50. Kf3 Kf6 51. Ke3 Ke7 52. Kf3 Kd7 53. Ke3 Ke6 54. Ke4 Kf6 55. Kf3 Ke7 56. Ke3 Kd7 57. Kf3 Kc7 58. Ke4 b6 59. Kxe5 bxc5 60. bxc5 Kd7 61. Kd4 a5 62. Kc4 Ke7 63. Kb3 Ke6 64. Ka4 Kd5 65. Kxa5 Kxc5 66. Ka6 Kd4 67. Kb6 Kxd3 68. Kxc6 1/2-1/2

[Event "EU-ch U18"]
[Site "Batumi"]
[Date "2010.09.28"]
[Round "9"]
[White "Jurevicius, Tomas"]
[Black "Geske, Julian"]
[Result "0-1"]
[WhiteElo "2001"]
[BlackElo "2364"]
[PlyCount "32"]
[EventDate "2010.09.20"]
[EventType "swiss"]
[EventRounds "9"]
[EventCountry "GEO"]
[SourceTitle "CBM 138 Extra"]
[Source "ChessBase"]
[SourceDate "2010.10.29"]
[SourceVersion "1"]
[SourceVersionDate "2010.10.29"]
[SourceQuality "1"]

1. e4 d5 2. exd5 Qxd5 3. Nc3 Qa5 4. d4 Nf6 5. Bc4 Bg4 6. f3 Bf5 7. Nge2 e6 8. g4 Bg6 9. Nf4 Nc6 10. h4 0-0-0 11. Be3 Nxd4 12. Bxd4 e5 13. 0-0 Rxd4 14. Qe2 Rxf4 15. h5 Qc5+ 16. Rf2 Qxc4 0-1

[Event "EU-ch U18"]
[Site "Batumi"]
[Date "2010.09.26"]
[Round "7"]
[White "Popilski, Gil"]
[Black "Jurevicius, Tomas"]
[Result "1-0"]
[WhiteElo "2454"]
[BlackElo "2001"]
[PlyCount "51"]
[EventDate "2010.09.20"]
[EventType "swiss"]
[EventRounds "9"]
[EventCountry "GEO"]
[SourceTitle "CBM 138 Extra"]
[Source "ChessBase"]
[SourceDate "2010.10.29"]
[SourceVersion "1"]
[SourceVersionDate "2010.10.29"]
[SourceQuality "1"]

1. d4 Nf6 2. c4 e6 3. Nc3 Bb4 4. e3 c5 5. Nge2 d6 6. a3 Ba5 7. Rb1 Nc6 8. g3 Ne4 9. Bd2 Nxd2 10. Qxd2 Qf6 11. Bg2 Bxc3 12. Qxc3 Bd7 13. b4 cxd4 14. exd4 e5 15. dxe5 Qxe5 16. 0-0 Be6 17. Rfe1 Qxc3 18. Nxc3 0-0-0 19. c5 Bf5 20. Rbc1 dxc5 21. Nb5 Bd3 22. Bxc6 bxc6 23. Nxa7+ Kc7 24. Rxc5 Kb6 25. Nxc6 Rhe8 26. Rd1 1-0

[Event "EU-ch U18"]
[Site "Batumi"]
[Date "2010.09.23"]
[Round "5"]
[White "Demac, Elias"]
[Black "Jurevicius, Tomas"]
[Result "1/2-1/2"]
[WhiteElo "2226"]
[BlackElo "2001"]
[PlyCount "145"]
[EventDate "2010.09.20"]
[EventType "swiss"]
[EventRounds "9"]
[EventCountry "GEO"]
[SourceTitle "CBM 138 Extra"]
[Source "ChessBase"]
[SourceDate "2010.10.29"]
[SourceVersion "1"]
[SourceVersionDate "2010.10.29"]
[SourceQuality "1"]

1. d4 Nf6 2. Nf3 e6 3. g3 b6 4. Bg2 Bb7 5. 0-0 Be7 6. c4 0-0 7. Nc3 d5 8. cxd5 Nxd5 9. Re1 c5 10. Nxd5 Bxd5 11. dxc5 Bxc5 12. Bd2 Nd7 13. Qc2 Rc8 14. Qb1 Nf6 15. e4 Bc4 16. Bg5 h6 17. Rd1 Qe7 18. Bxf6 Qxf6 19. b4 Be7 20. Rd7 e5 21. Qb2 a6 22. a3 Qe6 23. Rad1 Bb5 24. R7d5 f6 25. Bf1 Bxf1 26. Kxf1 Rc7 27. Qb3 Kh7 28. Kg2 Rfc8 29. R1d3 Ra7 30. a4 a5 31. b5 Rac7 32. h3 Bb4 33. Nh4 Rc3 34. Rxc3 Rxc3 35. Qd1 Be7 36. Qh5 Rc8 37. Qg6+ Kh8 38. Nf5 Bf8 39. Qg4 Kh7 40. Rd6 Qe8 41. Rxb6 Rc7 42. Ra6 Qd8 43. Rxa5 Qd2 44. Ra8 Rc2 45. Qf3 Bc5 46. Nh4 Qxf2+ 47. Qxf2 Rxf2+ 48. Kh1 Re2 49. Rc8 Bf2 50. Nf5 Rxe4 51. a5 Ra4 52. b6 Rb4 53. Rb8 Rb5 54. Kg2 Bc5 55. Rc8 Bxb6 56. axb6 Rxb6 57. Rc7 Kg6 58. g4 Kg5 59. Rxg7+ Kf4 60. Rg6 h5 61. Nh6 Rb2+ 62. Kf1 Rb1+ 63. Ke2 Rb2+ 64. Kd1 hxg4 65. Rxg4+ Kf3 66. Nf5 Rh2 67. Rh4 e4 68. Rh5 e3 69. Nd4+ Ke4 70. Ne2 Kd3 71. Nf4+ Ke4 72. Ne2 Kd3 73. Nf4+ 1/2-1/2

[Event "EU-ch U18"]
[Site "Batumi"]
[Date "2010.09.21"]
[Round "2"]
[White "Jurevicius, Tomas"]
[Black "Rzayev, Bahruz Iqbal Oglu"]
[Result "1-0"]
[WhiteElo "2001"]
[BlackElo "2235"]
[PlyCount "183"]
[EventDate "2010.09.20"]
[EventType "swiss"]
[EventRounds "9"]
[EventCountry "GEO"]
[SourceTitle "CBM 138 Extra"]
[Source "ChessBase"]
[SourceDate "2010.10.29"]
[SourceVersion "1"]
[SourceVersionDate "2010.10.29"]
[SourceQuality "1"]

1. e4 e5 2. Nf3 Nc6 3. d4 exd4 4. Nxd4 Bc5 5. Be3 Qf6 6. c3 Nge7 7. Bc4 Qg6 8. 0-0 d6 9. Nxc6 Nxc6 10. Bxc5 dxc5 11. f4 0-0 12. Nd2 Na5 13. Qe2 Nxc4 14. Qxc4 Qd6 15. Qe2 f5 16. e5 Qc6 17. Nf3 b5 18. Rfe1 Be6 19. b3 c4 20. b4 a5 21. a3 Bd5 22. Nd4 Qb6 23. Qe3 Be4 24. Rad1 axb4 25. axb4 Ra3 26. Ra1 Rfa8 27. Rxa3 Rxa3 28. g4 Qg6 29. g5 h6 30. Qd2 hxg5 31. fxg5 Qh5 32. e6 Qg4+ 33. Kf1 Rxc3 34. e7 Rf3+ 35. Nxf3 Qxf3+ 36. Qf2 Qh3+ 37. Kg1 Qg4+ 38. Qg3 Qxg3+ 39. hxg3 Kf7 40. g4 g6 41. gxf5 gxf5 42. Kf2 Kxe7 43. Ke3 Kf7 44. Rc1 Kg6 45. Kf4 Bd3 46. Rc3 Kf7 47. Ra3 Be4 48. Ra7 Kg6 49. Rxc7 Bd3 50. Rc5 Kg7 51. Rxb5 c3 52. Rc5 c2 53. b5 Bxb5 54. Rxc2 Kg6 55. Rd2 Ba4 56. Rd6+ Kg7 57. Kxf5 Bc2+ 58. Kf4 Kf7 59. Kg4 Bg6 60. Rc6 Be4 61. Rb6 Kg7 62. Rb4 Bc2 63. Rd4 Bb1 64. Rd2 Be4 65. Rd7+ Kg6 66. Kh4 Bf3 67. Rd3 Be4 68. Re3 Bc2 69. Re2 Bf5 70. Rf2 Bd3 71. Kg4 Kg7 72. Rd2 Be4 73. Rb2 Kg6 74. Kf4 Bd3 75. Rb3 Bc2 76. Rc3 Bb1 77. Kg4 Bf5+ 78. Kh4 Be4 79. Re3 Bf5 80. Re2 Kg7 81. Kh5 Bg6+ 82. Kg4 Bd3 83. Re3 Bc2 84. Rc3 Be4 85. Rc4 Bd3 86. Rd4 Bf1 87. Rd7+ Kg6 88. Rd6+ Kg7 89. g6 Kh6 90. Kf5 Bc4 91. Kf6 Bb3 92. Rd3 1-0

[Event "Panevezys op-A"]
[Site "Panevezys"]
[Date "2010.08.24"]
[Round "9"]
[White "Krivonosov, Oleg"]
[Black "Jurevicius, Tomas"]
[Result "1-0"]
[WhiteElo "2437"]
[BlackElo "1962"]
[PlyCount "139"]
[EventDate "2010.08.18"]
[EventType "swiss"]
[EventRounds "9"]
[EventCountry "LTU"]
[SourceTitle "CBM 138 Extra"]
[Source "ChessBase"]
[SourceDate "2010.10.29"]
[SourceVersion "1"]
[SourceVersionDate "2010.10.29"]
[SourceQuality "1"]

1. Nf3 d5 2. d4 Nf6 3. c4 e6 4. g3 dxc4 5. Qa4+ Nbd7 6. Bg2 c6 7. Qxc4 Bd6 8. Bf4 Qa5+ 9. Nc3 Nb6 10. Qb3 Bxf4 11. gxf4 Nbd5 12. e3 Ne4 13. Qa4 Qxa4 14. Nxa4 f6 15. Nd2 Nd6 16. Ne4 Ke7 17. Nac5 b6 18. Nxd6 Kxd6 19. Ne4+ Kd7 20. 0-0-0 Ba6 21. Bf1 Bxf1 22. Rhxf1 Rhe8 23. Rg1 Re7 24. h4 Rc8 25. Kb1 Rc7 26. a3 Rf7 27. h5 Ne7 28. Ng3 Nf5 29. Nxf5 exf5 30. Kc2 Ke6 31. Kd3 h6 32. Rc1 Rfd7 33. Rc4 Rd5 34. Rgc1 Kd6 35. b4 a6 36. f3 Kd7 37. Rh1 Rd6 38. e4 fxe4+ 39. fxe4 f5 40. e5 Rd5 41. Rg1 Kc8 42. Rg6 Kb7 43. Ke3 Rdd7 44. Rc2 Rd8 45. Re6 Rd5 46. Rg6 Rd8 47. Rc1 Rd5 48. a4 a5 49. bxa5 Rxa5 50. Rcg1 Rxa4 51. Rxg7 Ra3+ 52. Kd2 Rh3 53. Rxc7+ Kxc7 54. Rg7+ Kd8 55. Rg6 Rxh5 56. Rxc6 Rh4 57. Ke3 Rh3+ 58. Kf2 Rd3 59. Rd6+ Kc7 60. Ke2 Rh3 61. Rf6 b5 62. d5 b4 63. Kd2 b3 64. Rxf5 Rh2+ 65. Kc1 Rc2+ 66. Kb1 Rd2 67. Rf7+ Kd8 68. d6 h5 69. Rh7 Rf2 70. e6 1-0

[Event "Panevezys op-A"]
[Site "Panevezys"]
[Date "2010.08.19"]
[Round "3"]
[White "Rogule, Laura"]
[Black "Jurevicius, Tomas"]
[Result "1-0"]
[WhiteElo "2305"]
[BlackElo "1962"]
[PlyCount "67"]
[EventDate "2010.08.18"]
[EventType "swiss"]
[EventRounds "9"]
[EventCountry "LTU"]
[SourceTitle "CBM 138 Extra"]
[Source "ChessBase"]
[SourceDate "2010.10.29"]
[SourceVersion "1"]
[SourceVersionDate "2010.10.29"]
[SourceQuality "1"]

1. c4 e5 2. Nc3 d6 3. g3 g6 4. Bg2 Bg7 5. e3 Nf6 6. Nge2 0-0 7. d4 Qe7 8. 0-0 c6 9. b3 e4 10. Qc2 Bf5 11. Ba3 Nbd7 12. b4 b6 13. Rac1 Rfe8 14. c5 d5 15. b5 bxc5 16. bxc6 Nb6 17. dxc5 Nc4 18. Nxd5 Nxd5 19. Qxc4 Qe6 20. Rfd1 Rad8 21. Nd4 Bxd4 22. Rxd4 Nc7 23. Rd6 Qxc4 24. Rxc4 Nb5 25. Ra4 Rb8 26. h3 Nxd6 27. cxd6 Rec8 28. g4 Rxc6 29. gxf5 gxf5 30. Rxa7 Kg7 31. d7 Rb1+ 32. Kh2 Rd1 33. Be7 Rcd6 34. Bxd6 1-0

[Event "Baltija Cup op 7th"]
[Site "Palanga"]
[Date "2010.06.23"]
[Round "7"]
[White "Mierins, Eriks"]
[Black "Jurevicius, Tomas"]
[Result "1-0"]
[WhiteElo "2153"]
[BlackElo "1869"]
[PlyCount "61"]
[EventDate "2010.06.20"]
[EventType "swiss"]
[EventRounds "8"]
[EventCountry "LTU"]
[SourceTitle "EXT 2022"]
[Source "ChessBase"]
[SourceDate "2021.10.06"]
[SourceVersion "1"]
[SourceVersionDate "2021.10.06"]
[SourceQuality "1"]

1. e4 e6 2. d4 d5 3. exd5 exd5 4. Bd3 Bd6 5. c3 c6 6. Be3 Ne7 7. Qc2 Bg4 8. Nd2 Nd7 9. Ne2 Qc7 10. Ng3 0-0-0 11. b4 h5 12. Ne2 Bxe2 13. Bxe2 f5 14. Nb3 f4 15. Bd2 Rde8 16. 0-0-0 Nf6 17. f3 g5 18. Bd3 g4 19. Rde1 gxf3 20. gxf3 Reg8 21. Rhg1 h4 22. Kb2 Kb8 23. Nc5 Bxc5 24. bxc5 Rxg1 25. Rxg1 Rg8 26. Rxg8+ Nexg8 27. Qc1 Qg7 28. Bxf4+ Ka8 29. Qe1 Qg2+ 30. Ka3 Qxf3 31. Qe5 1-0

[Event "LTU-ch"]
[Site "Nemencine"]
[Date "2010.04.28"]
[Round "6"]
[White "Jurevicius, Tomas"]
[Black "Kuvsinov, Anatolij"]
[Result "0-1"]
[WhiteElo "1865"]
[BlackElo "2009"]
[PlyCount "170"]
[EventDate "2010.04.25"]
[EventType "swiss"]
[EventRounds "9"]
[EventCountry "LTU"]
[SourceTitle "CBM 136 Extra"]
[Source "ChessBase"]
[SourceDate "2010.07.02"]
[SourceVersion "2"]
[SourceVersionDate "2010.07.15"]
[SourceQuality "1"]

1. e4 e5 2. Nf3 Nc6 3. d4 exd4 4. Nxd4 Bc5 5. Be3 Bxd4 6. Bxd4 Nxd4 7. Qxd4 Qf6 8. c3 Ne7 9. Qxf6 gxf6 10. Na3 a6 11. Nc2 d6 12. Bc4 Be6 13. Ne3 0-0-0 14. 0-0-0 f5 15. exf5 Bxc4 16. Nxc4 Nxf5 17. Ne3 Nxe3 18. fxe3 Rhg8 19. g3 Rde8 20. Kd2 Re5 21. Rdf1 Rg7 22. Rf4 Kd7 23. Rhf1 Ke7 24. Rb4 b5 25. a4 Rgg5 26. axb5 axb5 27. Rbf4 f5 28. Ra1 Rg7 29. Ra8 Rf7 30. Rg8 Ke6 31. Rh4 Kd5 32. Rd4+ Kc6 33. Rf4 Kd5 34. b3 Re6 35. Rg5 Re5 36. Rh5 c5 37. g4 Ke6 38. gxf5+ Rexf5 39. Rfxf5 Rxf5 40. Rxh7 Rf2+ 41. Kd3 Rb2 42. h4 Rxb3 43. Kc2 Ra3 44. h5 Ra2+ 45. Kb3 Re2 46. Rh8 Kd7 47. Rh7+ Ke6 48. Rh8 Kd5 49. Re8 Rh2 50. e4+ Kc6 51. Rh8 Rh4 52. h6 Kb7 53. h7 Rh2 54. Ka3 Ka7 55. Rd8 Rxh7 56. Rxd6 Re7 57. Rd5 Kb6 58. Rf5 Rxe4 59. Rh5 Ka5 60. Rh8 Kb6 61. Rb8+ Kc6 62. Rc8+ Kd5 63. Kb3 Re6 64. Rb8 Kc6 65. Rc8+ Kb6 66. Rb8+ Ka5 67. Rc8 c4+ 68. Ka3 Re1 69. Ra8+ Kb6 70. Rb8+ Kc6 71. Rc8+ Kb7 72. Rh8 Rb1 73. Rh3 Kb6 74. Ka2 Rb3 75. Rg3 Ka5 76. Rh3 Ka4 77. Rg3 b4 78. Rg8 Rxc3 79. Ra8+ Kb5 80. Rb8+ Kc5 81. Rc8+ Kd4 82. Kb2 Re3 83. Rd8+ Ke4 84. Rb8 Re2+ 85. Kc1 Kd3 0-1

[Event "LTU-chT 0910"]
[Site "Lithuania"]
[Date "2010.02.28"]
[Round "7.12"]
[White "Slapikas, Vytautas"]
[Black "Jurevicius, Tomas"]
[Result "1-0"]
[WhiteElo "2358"]
[BlackElo "1853"]
[PlyCount "117"]
[EventDate "2009.11.07"]
[EventType "team-tourn"]
[EventRounds "9"]
[EventCountry "LTU"]
[SourceTitle "EXT 2022"]
[Source "ChessBase"]
[SourceDate "2021.10.06"]
[SourceVersion "1"]
[SourceVersionDate "2021.10.06"]
[SourceQuality "1"]
[WhiteTeam "Vilnius Fortas"]
[BlackTeam "Siuliai Dubysa"]
[WhiteTeamCountry "LTU"]
[BlackTeamCountry "LTU"]

1. e4 e6 2. d4 d5 3. Nd2 c5 4. Ngf3 Nc6 5. dxc5 Bxc5 6. Bd3 Nf6 7. Qe2 Qe7 8. 0-0 0-0 9. e5 Nd7 10. c4 f6 11. exf6 Nxf6 12. Nb3 Bd6 13. Bg5 Kh8 14. cxd5 exd5 15. Qxe7 Bxe7 16. Nbd4 Nxd4 17. Nxd4 Bc5 18. Nb3 Bb6 19. Rac1 Ng4 20. Nc5 Bf5 21. Bxf5 Rxf5 22. Bh4 h5 23. h3 Ne5 24. Nxb7 Nd3 25. Nd6 Rf4 26. Rc3 Nxb2 27. Bg3 Ra4 28. Be5 Nc4 29. Nxc4 Rxc4 30. Rg3 Bd4 31. Rg5 h4 32. Rd1 Bxe5 33. Rxe5 Rc2 34. Rexd5 Rxa2 35. Rh5+ Kg8 36. Rxh4 Re8 37. Rg4 Re7 38. Rd8+ Kf7 39. Rf4+ Kg6 40. g4 Rf7 41. Rd6+ Rf6 42. Rfxf6+ gxf6 43. Kg2 a5 44. h4 Kg7 45. Rd7+ Kh6 46. Kg3 Rc2 47. Rd6 Kg7 48. g5 fxg5 49. hxg5 a4 50. Ra6 a3 51. Rxa3 Kg6 52. f4 Kh5 53. Kf3 Rc8 54. Ra6 Rc3+ 55. Ke4 Kg4 56. Rf6 Rc1 57. g6 Re1+ 58. Kd5 Kh5 59. f5 1-0

[Event "LTU-chT 0910"]
[Site "Lithuania"]
[Date "2010.01.17"]
[Round "5.12"]
[White "Kalvaitis, Sigitas"]
[Black "Jurevicius, Tomas"]
[Result "1-0"]
[WhiteElo "2270"]
[BlackElo "1853"]
[PlyCount "109"]
[EventDate "2009.11.07"]
[EventType "team-tourn"]
[EventRounds "9"]
[EventCountry "LTU"]
[SourceTitle "EXT 2022"]
[Source "ChessBase"]
[SourceDate "2021.10.06"]
[SourceVersion "1"]
[SourceVersionDate "2021.10.06"]
[SourceQuality "1"]
[WhiteTeam "Plunge Bokstas"]
[BlackTeam "Siuliai Dubysa"]
[WhiteTeamCountry "LTU"]
[BlackTeamCountry "LTU"]

1. e4 e6 2. d4 d5 3. Nc3 dxe4 4. Nxe4 Nd7 5. Nf3 Ngf6 6. Nxf6+ Nxf6 7. Bg5 Be7 8. Bd3 0-0 9. Qe2 Nd5 10. Bd2 Nb4 11. Bxb4 Bxb4+ 12. c3 Bd6 13. 0-0-0 Qf6 14. Kb1 c5 15. dxc5 Bxc5 16. h4 e5 17. Ng5 Bf5 18. Ne4 Bxe4 19. Qxe4 g6 20. h5 Kg7 21. Rh3 Qe7 22. hxg6 hxg6 23. Qg4 Rad8 24. Rdh1 Rh8 25. Bc4 a5 26. Qf3 e4 27. Qf4 Bd6 28. Qg4 b6 29. a4 Bc5 30. Qf4 Bd6 31. Qc1 Qf6 32. Qc2 Qe5 33. Rxh8 Rxh8 34. Rxh8 Kxh8 35. Bxf7 Kg7 36. Bc4 Bc5 37. Bb5 Qf5 38. Bc6 e3 39. fxe3 Qxc2+ 40. Kxc2 Bxe3 41. Kd3 Bc1 42. b4 Kf6 43. Kc4 axb4 44. cxb4 Ke7 45. Kb5 Be3 46. Ka6 Kd6 47. Kb7 Bd2 48. Kxb6 Bxb4 49. Be4 Bc5+ 50. Kb7 Bb4 51. Bxg6 Kc5 52. g4 Bd2 53. Be8 Kb4 54. Bb5 Kc5 55. Kc7 1-0

[Event "LTU-chT 0910"]
[Site "Lithuania"]
[Date "2009.12.13"]
[Round "3.12"]
[White "Beinoras, Mindaugas"]
[Black "Jurevicius, Tomas"]
[Result "1-0"]
[WhiteElo "2384"]
[BlackElo "1853"]
[PlyCount "33"]
[EventDate "2009.11.07"]
[EventType "team-tourn"]
[EventRounds "9"]
[EventCountry "LTU"]
[SourceTitle "EXT 2022"]
[Source "ChessBase"]
[SourceDate "2021.10.06"]
[SourceVersion "1"]
[SourceVersionDate "2021.10.06"]
[SourceQuality "1"]
[WhiteTeam "Kaunas Margiris"]
[BlackTeam "Siuliai Dubysa"]
[WhiteTeamCountry "LTU"]
[BlackTeamCountry "LTU"]

1. d4 d5 2. c4 c6 3. Nc3 Nf6 4. e3 Nbd7 5. Nf3 e6 6. Qc2 b6 7. Bd3 Bd6 8. 0-0 Bb7 9. e4 dxe4 10. Nxe4 Nxe4 11. Bxe4 f5 12. Bd3 0-0 13. Re1 Qf6 14. c5 e5 15. cxd6 e4 16. Bc4+ Kh8 17. Ng5 1-0

[Event "LTU-chT 0910"]
[Site "Lithuania"]
[Date "2009.12.06"]
[Round "4.12"]
[White "Jurevicius, Tomas"]
[Black "Limontas, Martynas"]
[Result "1/2-1/2"]
[WhiteElo "1853"]
[BlackElo "2278"]
[PlyCount "84"]
[EventDate "2009.11.07"]
[EventType "team-tourn"]
[EventRounds "9"]
[EventCountry "LTU"]
[SourceTitle "EXT 2022"]
[Source "ChessBase"]
[SourceDate "2021.10.06"]
[SourceVersion "1"]
[SourceVersionDate "2021.10.06"]
[SourceQuality "1"]
[WhiteTeam "Siuliai Dubysa"]
[BlackTeam "Vilnius Chess United"]
[WhiteTeamCountry "LTU"]
[BlackTeamCountry "LTU"]

1. e4 e6 2. d4 d5 3. exd5 exd5 4. Bd3 Nc6 5. c3 Bd6 6. Qf3 Nge7 7. Ne2 Be6 8. Bf4 Ng6 9. Bxd6 Qxd6 10. Qg3 Qxg3 11. hxg3 Nce7 12. Nd2 Bf5 13. Bxf5 Nxf5 14. 0-0-0 Nd6 15. Rde1 Kd7 16. Nf4 Nxf4 17. gxf4 c6 18. Kc2 b6 19. g3 h6 20. Re3 Rhe8 21. Rhe1 Rxe3 22. Rxe3 f6 23. Kd3 c5 24. b3 Rc8 25. Re1 a5 26. c4 dxc4+ 27. Nxc4 Nxc4 28. bxc4 cxd4 29. Kxd4 Rd8 30. Kc3 Rc8 31. Kd4 Rc6 32. a4 h5 33. f5 Rc5 34. Rb1 Rxf5 35. Rxb6 Rxf2 36. Rb7+ Kc6 37. Rxg7 h4 38. gxh4 Rf4+ 39. Kc3 Rxh4 40. Ra7 Rh3+ 41. Kd4 Rh4+ 42. Kc3 Rh3+ 1/2-1/2

[Event "Wch U12"]
[Site "Belfort"]
[Date "2005.07.19"]
[Round "1"]
[White "Popilski, Gil"]
[Black "Jurevicius, Tomas"]
[Result "1/2-1/2"]
[WhiteElo "2120"]
[BlackElo "1599"]
[PlyCount "154"]
[EventDate "2005.07.19"]
[EventType "swiss"]
[EventRounds "11"]
[EventCountry "FRA"]
[SourceTitle "CBM 107 Extra"]
[Source "ChessBase"]
[SourceDate "2005.09.01"]
[SourceVersion "1"]
[SourceVersionDate "2005.09.01"]
[SourceQuality "1"]

1. d4 Nf6 2. c4 b6 3. Nc3 Bb7 4. d5 e6 5. e4 Bb4 6. f3 Qe7 7. Nge2 exd5 8. cxd5 c6 9. dxc6 dxc6 10. a3 Bd6 11. Nd4 g6 12. Bg5 h6 13. Bh4 Nbd7 14. Qd2 Nc5 15. b4 Ne6 16. Nxe6 Qxe6 17. Bc4 Qe7 18. Qc2 g5 19. Bf2 0-0-0 20. Ne2 Be5 21. Rc1 Kb8 22. 0-0 Qc7 23. Bg3 Bxg3 24. Nxg3 Qf4 25. Qc3 Nd7 26. Ne2 Qc7 27. Bxf7 Ne5 28. Bc4 b5 29. Bb3 Rd3 30. Qb2 Rhd8 31. h3 Rd2 32. Rc2 Nd3 33. Qc3 Qb6+ 34. Kh2 Qc7+ 35. Kg1 Qb6+ 36. Kh1 Nf2+ 37. Kh2 Qc7+ 38. Ng3 Nd1 39. Qc5 R2d3 40. Bd5 Ne3 41. Re1 Nxc2 42. Qxc2 Rd4 43. Qc3 Qe5 44. Rd1 Rxe4 45. Qc5 Rf4 46. Bxc6 Qc7 47. Rxd8+ Qxd8 48. Bxb7 Kxb7 49. Qxb5+ Qb6 50. Qd5+ Qc6 51. Qd3 Rf6 52. Ne4 Qc7+ 53. Kg1 Qc1+ 54. Kf2 Qb2+ 55. Ke3 Qc1+ 56. Ke2 Qb2+ 57. Kd1 Qa1+ 58. Kd2 Qb2+ 59. Ke3 Qc1+ 60. Ke2 Qb2+ 61. Qd2 Qxd2+ 62. Kxd2 Rg6 63. Kc3 Kc6 64. Kc4 Rg7 65. a4 Rd7 66. a5 Rd1 67. b5+ Kc7 68. Kc5 Rc1+ 69. Kd5 Rc2 70. g3 Rh2 71. Kc5 Re2 72. Kd4 Rh2 73. Nc5 Rc2 74. Kd5 Rh2 75. f4 gxf4 76. gxf4 Rxh3 77. f5 Rf3 1/2-1/2